Catalog

Record Details

Catalog Search



Measuring the Immeasurable Valuing Patent Protection of Knowledge-Based Competitive Advantages  Cover Image E-book E-book

Measuring the Immeasurable [electronic resource] : Valuing Patent Protection of Knowledge-Based Competitive Advantages / by Christian Grube.

Record details

  • ISBN: 9783834994578
  • Physical Description: XXI, 249p. 30 illus. online resource.
  • Publisher: Wiesbaden : Gabler, 2009.
Subject: Economics.
Auditing.
Economics/Management Science.
Accounting/Auditing.

Electronic resources


LDR 01377nam a22003855i 4500
00130287
003CONS
00520140102065447.0
007cr nn 008mamaa
008101119s2009 gw | s |||| 0|eng d
020 . ‡a9783834994578 ‡9978-3-8349-9457-8
0247 . ‡a10.1007/978-3-8349-9457-8 ‡2doi
035 . ‡a(DE-He213)978-3-8349-9457-8
050 4. ‡aHF5601-5688
050 4. ‡aHF5667-5668.252
072 7. ‡aKF ‡2bicssc
072 7. ‡aKFCM ‡2bicssc
072 7. ‡aBUS001040 ‡2bisacsh
072 7. ‡aBUS001010 ‡2bisacsh
1001 . ‡aGrube, Christian. ‡eauthor.
24510. ‡aMeasuring the Immeasurable ‡h[electronic resource] : ‡bValuing Patent Protection of Knowledge-Based Competitive Advantages / ‡cby Christian Grube.
264 1. ‡aWiesbaden : ‡bGabler, ‡c2009.
300 . ‡aXXI, 249p. 30 illus. ‡bonline resource.
336 . ‡atext ‡btxt ‡2rdacontent
337 . ‡acomputer ‡bc ‡2rdamedia
338 . ‡aonline resource ‡bcr ‡2rdacarrier
347 . ‡atext file ‡bPDF ‡2rda
650 0. ‡aEconomics.
650 0. ‡aAuditing.
65014. ‡aEconomics/Management Science.
65024. ‡aAccounting/Auditing.
7102 . ‡aSpringerLink (Online service)
7730 . ‡tSpringer eBooks
77608. ‡iPrinted edition: ‡z9783834913050
85640. ‡uhttp://biblioteca.ipicyt.edu.mx:2048/login?url=http://dx.doi.org/10.1007/978-3-8349-9457-8 ‡yTexto completo ‡9CONS
950 . ‡aBusiness and Economics (Springer-11643)
901 . ‡a30287 ‡b ‡c30287 ‡tbiblio ‡sSystem Local

Additional Resources